[Event "Swiss Queens Wed #18"]
[Site "FIDE Online Arena INT"]
[Date "2024.05.29"]
[Round "1"]
[White "Lieketseng, Makhalemele"]
[Black "Gunina, Valentina"]
[Result "0-1"]
[WhiteElo "1454"]
[BlackElo "2437"]
[PlyCount "54"]
[EventDate "2024.05.29"]
[EventType "swiss (blitz)"]
[EventRounds "11"]
[EventCountry "NET"]
[SourceTitle "CB23_2024"]
[SourceDate "2024.06.05"]
[SourceVersion "1"]
[SourceVersionDate "2024.06.05"]
[SourceQuality "1"]

1. e4 c6 2. Nf3 d5 3. exd5 cxd5 4. d4 Nc6 5. Bb5 Nf6 6. 0-0 Bg4 7. Be3 e6 8. Qe2 Bd6 9. Nbd2 0-0 10. h3 Bh5 11. c3 Ne4 12. Bd3 f5 13. Qe1 f4 14. Nxe4 dxe4 15. Bxe4 fxe3 16. Qxe3 Qf6 17. Rae1 Rae8 18. Bd3 Bxf3 19. Qxf3 Qxf3 20. gxf3 Rxf3 21. Be2 Rf6 22. Bg4 Re7 23. Kg2 g6 24. Re2 h5 25. Rfe1 hxg4 26. hxg4 e5 27. g5 Rf5 0-1